[Event "4NCL 2019-20"]
[Site "Daventry"]
[Date "2020.01.12"]
[Round "4"]
[White "Wells, Peter K"]
[Black "Haria, Ravi"]
[Result "0-1"]
[WhiteElo "2390"]
[BlackElo "2450"]
[Annotator "ChessBase"]
[PlyCount "48"]
[EventDate "2020.01.11"]
[EventCountry "ENG"]
[SourceTitle "playchess.com"]
[Source "ChessBase"]
[SourceQuality "1"]
[TimeControl "40/6000:3000+30"]

1. Nf3 {[%emt 0:06:02]} d5 {[%emt 0:00:00]} 2. d4 {[%emt 0:00:29]} Nf6 {[%emt 0:00:00]} 3. c4 {[%emt 0:00:00]} e6 {[%emt 0:00:00]} 4. g3 {[%emt 0:00:00]} Bb4+ {[%emt 0:00:00]} 5. Bd2 {[%emt 0:00:00]} Bd6 {[%emt 0:00:00]} 6. Nc3 {[%emt 0:00:36]} O-O {[%emt 0:00:00]} 7. Bg5 {[%emt 0:01:08]} c6 {[%emt 0:01:19]} 8. Bg2 {[%emt 0:04:15]} h6 {[%emt 0:00:30]} 9. Bxf6 {[%emt 0:03:05]} Qxf6 {[%emt 0:00:00]} 10. O-O {[%emt 0:11:59]} Qd8 {[%emt 0:05:55]} 11. e4 {[%emt 0:16:11]} dxc4 {[%emt 0:01:36]} 12. Qe2 {[%emt 0:01:49]} b5 {[%emt 0:05:25]} 13. e5 {[%emt 0:09:03]} Be7 {[%emt 0:01:23]} 14. a4 {[%emt 0:17:50]} b4 {[%emt 0:16:33]} 15. Ne4 {[%emt 0:00:00]} Ba6 {[%emt 0:02:10]} 16. Rfc1 {[%emt 0:08:53]} c3 {[%emt 0:04:32]} 17. Qc2 {[%emt 0:00:00]} Bd3 {[%emt 0:00:21]} 18. Qxd3 {[%emt 0:00:00]} cxb2 {[%emt 0:00:00]} 19. Rab1 {[%emt 0:00:00]} bxc1=Q+ {[%emt 0:00:00]} 20. Rxc1 {[%emt 0:00:00]} Nd7 {[%emt 0:06:35]} 21. Rxc6 {[%emt 0:02:01]} Rc8 {[%emt 0:01:46]} 22. d5 {[%emt 0:06:41]} exd5 {[%emt 0:01:14]} 23. Rxc8 {[%emt 0:00:00]} Qxc8 {[%emt 0:00:00]} 24. Qxd5 {[%emt 0:00:34]} Nb6 {[%emt 0:01:09]} 0-1

[Event "4NCL 2019-20"]
[Site "Daventry"]
[Date "2020.01.12"]
[Round "4"]
[White "Ashton, Adam G"]
[Black "House, Glenn L"]
[Result "1-0"]
[WhiteElo "2379"]
[BlackElo "2239"]
[Annotator "ChessBase"]
[PlyCount "51"]
[EventDate "2020.01.11"]
[EventCountry "ENG"]
[SourceTitle "playchess.com"]
[Source "ChessBase"]
[SourceQuality "1"]
[TimeControl "40/6000:3000+30"]

1. e4 {[%emt 0:02:46]} c5 {[%emt 0:00:00]} 2. Nf3 {[%emt 0:00:00]} e6 {[%emt 0:00:00]} 3. g3 {[%emt 0:00:00]} Nc6 {[%emt 0:00:00]} 4. Bg2 {[%emt 0:00:00]} Nf6 {[%emt 0:00:00]} 5. Qe2 {[%emt 0:00:00]} d5 {[%emt 0:02:12]} 6. exd5 {[%emt 0:00:53]} Nxd5 {[%emt 0:01:33]} 7. O-O {[%emt 0:00:00]} Be7 {[%emt 0:00:58]} 8. Rd1 {[%emt 0:00:00]} Nf6 {[%emt 0:31:29]} 9. c3 {[%emt 0:10:56]} O-O {[%emt 0:03:43]} 10. d4 {[%emt 0:00:18]} cxd4 {[%emt 0:04:25]} 11. Nxd4 {[%emt 0:00:00]} Nxd4 {[%emt 0:00:52]} 12. Rxd4 {[%emt 0:00:01]} Qb6 {[%emt 0:18:06]} 13. Be3 {[%emt 0:23:10]} Bc5 {[%emt 0:01:13]} 14. Rb4 {[%emt 0:04:22]} Qd6 {[%emt 0:00:00]} 15. Bxc5 {[%emt 0:01:56]} Qxc5 {[%emt 0:00:00]} 16. Nd2 {[%emt 0:00:46]} Rb8 {[%emt 0:04:02]} 17. Rd1 {[%emt 0:05:52]} Rd8 {[%emt 0:06:33]} 18. Ne4 {[%emt 0:06:33]} Rxd1+ {[%emt 0:04:56]} 19. Qxd1 {[%emt 0:00:00]} Nxe4 {[%emt 0:05:53]} 20. Bxe4 {[%emt 0:01:10]} f5 {[%emt 0:01:12]} 21. Qd8+ {[%emt 0:05:40]} Kf7 {[%emt 0:01:55]} 22. Bf3 {[%emt 0:01:39]} Qe7 {[%emt 0:01:10]} 23. Qh8 {[%emt 0:00:38]} h6 {[%emt 0:05:53]} 24. Bh5+ {[%emt 0:00:45]} Kf6 {[%emt 0:00:43]} 25. Qh7 {[%emt 0:00:12]} Ke5 {[%emt 0:02:35]} 26. Rd4 {[%emt 0:00:00] Kd5} 1-0

[Event "4NCL 2019-20"]
[Site "Daventry"]
[Date "2020.01.12"]
[Round "4"]
[White "Pigott, John C"]
[Black "Sadler, Matthew D"]
[Result "1/2-1/2"]
[WhiteElo "2370"]
[BlackElo "2692"]
[Annotator "TA"]
[PlyCount "100"]
[EventDate "2020.01.11"]
[EventCountry "ENG"]
[SourceTitle "playchess.com"]
[Source "ChessBase"]
[SourceQuality "1"]

{[%evp 9,100,15,21,18,18,21,21,28,16,4,39,42,32,27,28,30,36,32,40,21,8,-25,19,28,24,0,72,35,35,43,29,50,60,61,72,69,68,47,59,29,56,65,68,68,68,52,50,19,28,28,44,28,44,30,44,28,28,28,28,28,28,28,28,28,28,0,40,28,54,40,54,42,54,0,62,0,54,0,62,0,62,0,40,0,62,62,62,0,62,0,54,0,54]} 1. c4 e5 2. Nc3 Bb4 3. Nd5 Bc5 4. e3 Nf6 5. b4 (5. d4 Nxd5 6. dxc5 Nf6 7. b4 Qe7 8. Bb2 O-O 9. Nf3 d6 10. cxd6 cxd6 11. Be2 Bg4 12. O-O Nbd7 {0-1 (30) Caruana,F (2822)-Artemiev,V (2731) Bucharest 2019}) 5... Be7 6. Nxe7 {A21: English Opening: 1...e5 2 Nc3} Qxe7 7. Bb2 O-O 8. a3 d6 9. Ne2 h5 $146 ({Predecessor:} 9... Be6 10. Ng3 a5 11. Be2 Nbd7 12. O-O Rfe8 {1-0 (34) Zhukova,N (2426)-Sahin,H (1960) Antalya 2017}) 10. Nc3 c6 11. d4 Bf5 12. Be2 Nbd7 13. O-O Rfe8 14. Qd2 ({Reject} 14. Bxh5 exd4 15. exd4 Nxh5 $15) 14... h4 15. Rad1 e4 16. d5 c5 17. Nb5 Rad8 (17... h3 $11 {remains equal.}) 18. bxc5 Nxc5 19. Nxa7 h3 20. g3 Ng4 21. Nb5 Ne5 22. Bxe5 Qxe5 23. Qc3 Qe7 24. Nd4 Bd7 25. Rb1 Ra8 26. Rb4 Ra6 27. Rfb1 Rea8 28. Nc2 Qd8 29. Bf1 Bg4 30. Qd4 Bf5 31. Rb5 Qe7 32. Rb6 R6a7 33. R6b4 Bd7 34. Qd2 Qg5 35. Rb6 Qe5 36. Qd4 Qe7 37. Qd2 g6 38. R6b4 Kh7 39. Qc3 Ra6 40. Qd4 Qd8 41. Qc3 (41. R4b2 $14) 41... R8a7 (41... Qe7 $1 $11) 42. Qd4 (42. Ra1 $14) 42... Kg8 (42... Ra8 $11) 43. Qc3 (43. R4b2 $14) 43... Bg4 (43... Kh7 $1 $11) 44. Qd4 Bd7 45. Qc3 (45. R4b2 $14) 45... Qe7 46. Qd4 Kh7 (46... Qd8 $11) 47. Rb6 $14 Ra5 48. R6b4 ({White should play} 48. R6b2 $14) 48... Kg8 (48... R5a6 $11) 49. Rb6 Kh7 $1 50. R6b4 ({White should try} 50. R1b2 $14) 50... Kg8 {Accuracy: White = 33%, Black = 45%.} ({Better is} 50... R5a6 $11) 1/2-1/2

[Event "4NCL 2019-20"]
[Site "Daventry"]
[Date "2020.01.12"]
[Round "4"]
[White "Ledger, Andrew J"]
[Black "Holland, James P"]
[Result "1/2-1/2"]
[WhiteElo "2347"]
[BlackElo "2228"]
[Annotator "ChessBase"]
[PlyCount "101"]
[EventDate "2020.01.11"]
[EventCountry "ENG"]
[SourceTitle "playchess.com"]
[Source "ChessBase"]
[SourceQuality "1"]
[TimeControl "40/6000:3000+30"]

1. d4 {[%emt 0:00:00]} d5 {[%emt 0:00:00]} 2. c4 {[%emt 0:00:00]} Nc6 {[%emt 0:00:00]} 3. Nf3 {[%emt 0:00:00]} Bg4 {[%emt 0:00:00]} 4. Nc3 {[%emt 0:00:00]} e6 {[%emt 0:00:00]} 5. Bg5 {[%emt 0:00:00]} Be7 {[%emt 0:00:00]} 6. Bxe7 {[%emt 0:00:00]} Ngxe7 {[%emt 0:00:00]} 7. e3 {[%emt 0:00:00]} O-O {[%emt 0:00:00]} 8. Be2 {[%emt 0:05:24]} dxc4 {[%emt 0:11:01]} 9. Bxc4 {[%emt 0:13:57]} Nc8 {[%emt 0:28:59]} 10. O-O {[%emt 0:03:18]} Nd6 {[%emt 0:00:00]} 11. Be2 {[%emt 0:02:50]} Re8 {[%emt 0:00:41]} 12. h3 {[%emt 0:05:48]} Bf5 {[%emt 0:08:34]} 13. Qa4 {[%emt 0:07:09]} e5 {[%emt 0:04:48]} 14. dxe5 {[%emt 0:08:37]} Nxe5 {[%emt 0:00:00]} 15. Rfd1 {[%emt 0:00:00]} Qb8 {[%emt 0:15:55]} 16. Nxe5 {[%emt 0:10:45]} Rxe5 {[%emt 0:00:00]} 17. Qf4 {[%emt 0:00:00]} f6 {[%emt 0:00:00]} 18. Rd5 {[%emt 0:06:43]} Rxd5 {[%emt 0:01:49]} 19. Nxd5 {[%emt 0:00:00]} Be6 {[%emt 0:00:42]} 20. Bf3 {[%emt 0:02:34]} c6 {[%emt 0:03:17]} 21. Nc3 {[%emt 0:03:25]} Nc4 {[%emt 0:00:21]} 22. Qd4 {[%emt 0:09:15]} Qe5 {[%emt 0:00:00]} 23. Rd1 {[%emt 0:00:10]} Qxd4 {[%emt 0:04:34]} 24. Rxd4 {[%emt 0:00:00]} Ne5 {[%emt 0:01:15]} 25. Be2 {[%emt 0:00:00]} f5 {[%emt 0:02:40]} 26. f4 {[%emt 0:03:35]} Nf7 {[%emt 0:00:45]} 27. g4 {[%emt 0:01:21]} Rd8 {[%emt 0:00:39]} 28. Rxd8+ {[%emt 0:01:58]} Nxd8 {[%emt 0:00:00]} 29. Kf2 {[%emt 0:00:14]} Nf7 {[%emt 0:04:40]} 30. gxf5 {[%emt 0:01:26]} Bxf5 {[%emt 0:00:00]} 31. h4 {[%emt 0:00:00]} Nd6 {[%emt 0:00:00]} 32. Bf3 {[%emt 0:00:41]} Kf7 {[%emt 0:04:37]} 33. e4 {[%emt 0:00:00]} Bd7 {[%emt 0:00:00]} 34. b4 {[%emt 0:01:43]} b6 {[%emt 0:00:00]} 35. Ke3 {[%emt 0:00:12]} c5 {[%emt 0:00:00]} 36. bxc5 {[%emt 0:00:00]} bxc5 {[%emt 0:00:00]} 37. Kd3 {[%emt 0:00:21]} Be6 {[%emt 0:00:00]} 38. e5 {[%emt 0:02:33]} Nf5 {[%emt 0:00:00]} 39. h5 {[%emt 0:00:00]} g6 {[%emt 0:00:00]} 40. hxg6+ {[%emt 0:01:12]} Kxg6 {[%emt 0:00:00]} 41. Bd5 {[%emt 0:05:04]} Bxd5 {[%emt 0:06:01]} 42. Nxd5 {[%emt 0:00:08]} h5 {[%emt 0:01:21]} 43. Ke4 {[%emt 0:15:05]} h4 {[%emt 0:01:32]} 44. Nf6 {[%emt 0:05:55]} c4 {[%emt 0:07:54]} 45. Ng4 {[%emt 0:00:54]} h3 {[%emt 0:14:51]} 46. e6 {[%emt 0:08:57]} c3 {[%emt 0:02:34]} 47. Kd3 {[%emt 0:00:10]} c2 {[%emt 0:00:16]} 48. Kxc2 {[%emt 0:01:36]} Nd4+ {[%emt 0:08:15]} 49. Kd3 {[%emt 0:00:28]} Nxe6 {[%emt 0:00:11]} 50. Ke4 {[%emt 0:01:39]} Ng7 {[%emt 0:00:34]} 51. Kf3 {[%emt 0:01:27]} 1/2-1/2

[Event "4NCL 2019-20"]
[Site "Daventry"]
[Date "2020.01.12"]
[Round "4"]
[White "Taylor, Martin R"]
[Black "Paehtz, Elisabeth"]
[Result "0-1"]
[WhiteElo "2345"]
[BlackElo "2467"]
[Annotator "ChessBase"]
[PlyCount "92"]
[EventDate "2020.01.11"]
[EventCountry "ENG"]
[SourceTitle "playchess.com"]
[Source "ChessBase"]
[SourceQuality "1"]
[TimeControl "40/6000:3000+30"]

1. c4 {[%emt 0:00:00]} c5 {[%emt 0:00:34]} 2. g3 {[%emt 0:00:00]} Nc6 {[%emt 0:00:27]} 3. Bg2 {[%emt 0:00:00]} g6 {[%emt 0:00:00]} 4. Nc3 {[%emt 0:00:00]} Bg7 {[%emt 0:00:00]} 5. a3 {[%emt 0:00:00]} e6 {[%emt 0:00:29]} 6. Rb1 {[%emt 0:07:23]} Nge7 {[%emt 0:12:20]} 7. b4 {[%emt 0:04:17]} cxb4 {[%emt 0:03:42]} 8. axb4 {[%emt 0:00:00]} O-O {[%emt 0:00:59]} 9. Nf3 {[%emt 0:11:54]} d5 {[%emt 0:00:57]} 10. b5 {[%emt 0:08:14]} Na5 {[%emt 0:00:00]} 11. cxd5 {[%emt 0:03:18]} exd5 {[%emt 0:01:03]} 12. d4 {[%emt 0:11:49]} Bf5 {[%emt 0:01:25]} 13. Ra1 {[%emt 0:04:38]} Rc8 {[%emt 0:01:27]} 14. Bd2 {[%emt 0:06:29]} Nc4 {[%emt 0:00:00]} 15. O-O {[%emt 0:08:02]} Qb6 {[%emt 0:02:41]} 16. e3 {[%emt 0:01:09]} Rc7 {[%emt 0:04:57]} 17. Be1 {[%emt 0:10:27]} Rfc8 {[%emt 0:02:39]} 18. Nh4 {[%emt 0:02:48]} Be6 {[%emt 0:01:56]} 19. Qa4 {[%emt 0:12:40]} Nd6 {[%emt 0:07:09]} 20. Qxa7 {[%emt 0:02:46]} Qxa7 {[%emt 0:00:00]} 21. Rxa7 {[%emt 0:00:00]} Rxc3 {[%emt 0:00:00]} 22. Bxc3 {[%emt 0:00:00]} Rxc3 {[%emt 0:00:09]} 23. Rb1 {[%emt 0:01:20]} Bf6 {[%emt 0:00:00]} 24. Nf3 {[%emt 0:00:10]} Bf5 {[%emt 0:02:49]} 25. Rba1 {[%emt 0:00:34]} Nec8 {[%emt 0:02:51]} 26. R7a3 {[%emt 0:00:57]} Rxa3 {[%emt 0:00:37]} 27. Rxa3 {[%emt 0:00:00]} Nxb5 {[%emt 0:00:00]} 28. Rb3 {[%emt 0:00:09]} Nbd6 {[%emt 0:01:07]} 29. Ne5 {[%emt 0:00:00]} Be6 {[%emt 0:01:59]} 30. Nd3 {[%emt 0:00:00]} Bd8 {[%emt 0:02:29]} 31. Nf4 {[%emt 0:00:00]} Nb6 {[%emt 0:00:30]} 32. Ra3 {[%emt 0:00:12]} g5 {[%emt 0:00:11]} 33. Nd3 {[%emt 0:00:00]} Kf8 {[%emt 0:04:16]} 34. Ra7 {[%emt 0:00:00]} Ke7 {[%emt 0:02:33]} 35. Nb4 {[%emt 0:02:31]} Kd7 {[%emt 0:01:15]} 36. Kf1 {[%emt 0:00:00]} Be7 {[%emt 0:03:50]} 37. Ke2 {[%emt 0:00:00]} Kc7 {[%emt 0:02:20]} 38. Ra1 {[%emt 0:00:00]} Ndc4 {[%emt 0:00:00]} 39. Nd3 {[%emt 0:00:00]} Bd7 {[%emt 0:00:44]} 40. Rc1 {[%emt 0:00:44]} Bb5 {[%emt 0:01:39]} 41. Kf3 {[%emt 0:27:43]} Kd8 42. Rd1 {[%emt 0:00:45]} h5 {[%emt 0:09:59]} 43. h3 {[%emt 0:06:30]} Na4 {[%emt 0:07:10]} 44. Bf1 {[%emt 0:04:37]} Nc3 {[%emt 0:00:30]} 45. Rc1 {[%emt 0:00:30]} Nd2+ {[%emt 0:00:30]} 46. Kg2 {[%emt 0:00:30]} Na2 {[%emt 0:00:30]} 0-1

[Event "4NCL 2019-20"]
[Site "Daventry"]
[Date "2020.01.12"]
[Round "4"]
[White "Derakhshani, Borna"]
[Black "Sarakauskas, Gediminas"]
[Result "1/2-1/2"]
[WhiteElo "2342"]
[BlackElo "2433"]
[Annotator "ChessBase"]
[PlyCount "23"]
[EventDate "2020.01.11"]
[EventCountry "ENG"]
[SourceTitle "playchess.com"]
[Source "ChessBase"]
[SourceQuality "1"]
[TimeControl "40/6000:3000+30"]

1. Nf3 {[%emt 0:06:30]} g6 {[%emt 0:00:35]} 2. d4 {[%emt 0:00:29]} Bg7 {[%emt 0:00:00]} 3. e3 {[%emt 0:00:53]} Nf6 {[%emt 0:03:29]} 4. b3 {[%emt 0:00:00]} d6 {[%emt 0:02:24]} 5. Bb2 {[%emt 0:00:00]} O-O {[%emt 0:00:00]} 6. Be2 {[%emt 0:00:00]} e5 {[%emt 0:00:48]} 7. dxe5 {[%emt 0:00:15]} Ng4 {[%emt 0:00:00]} 8. h3 {[%emt 0:00:00]} Nxe5 {[%emt 0:00:00]} 9. Nxe5 {[%emt 0:00:00]} Bxe5 {[%emt 0:01:53]} 10. Bxe5 {[%emt 0:00:00]} dxe5 {[%emt 0:00:00]} 11. Qxd8 {[%emt 0:01:00]} Rxd8 {[%emt 0:00:00]} 12. Nd2 {[%emt 0:00:23]} 1/2-1/2

[Event "4NCL 2019-20"]
[Site "Daventry"]
[Date "2020.01.12"]
[Round "4"]
[White "Fitzsimons, David"]
[Black "Milliet, Sophie"]
[Result "1/2-1/2"]
[WhiteElo "2317"]
[BlackElo "2390"]
[Annotator "ChessBase"]
[PlyCount "89"]
[EventDate "2020.01.11"]
[EventCountry "ENG"]
[SourceTitle "playchess.com"]
[Source "ChessBase"]
[SourceQuality "1"]
[TimeControl "40/6000:3000+30"]

1. e4 {[%emt 0:00:00]} c5 {[%emt 0:00:23]} 2. Nf3 {[%emt 0:00:00]} d6 {[%emt 0:00:00]} 3. Bb5+ {[%emt 0:00:00]} Nd7 {[%emt 0:00:00]} 4. d4 {[%emt 0:00:00]} cxd4 {[%emt 0:00:00]} 5. Qxd4 {[%emt 0:00:00]} a6 {[%emt 0:00:00]} 6. Be2 {[%emt 0:00:00]} Ngf6 {[%emt 0:00:00]} 7. O-O {[%emt 0:00:00]} e5 {[%emt 0:00:03]} 8. Qe3 {[%emt 0:00:00]} Nc5 {[%emt 0:00:16]} 9. Nfd2 {[%emt 0:00:00]} Be7 {[%emt 0:01:08]} 10. c4 {[%emt 0:00:00]} O-O {[%emt 0:00:03]} 11. Nc3 {[%emt 0:00:00]} Bd7 {[%emt 0:00:39]} 12. h3 {[%emt 0:00:00]} Rc8 {[%emt 0:05:23]} 13. Rd1 {[%emt 0:00:06]} Ne6 {[%emt 0:13:13]} 14. Nb3 {[%emt 0:07:21]} Nf4 {[%emt 0:06:02]} 15. Bf1 {[%emt 0:02:50]} Be6 {[%emt 0:17:04]} 16. Qf3 {[%emt 0:00:57]} Ng6 {[%emt 0:00:26]} 17. Bg5 {[%emt 0:11:32]} Bxc4 {[%emt 0:00:57]} 18. Bxc4 {[%emt 0:01:42]} Rxc4 {[%emt 0:00:00]} 19. Qd3 {[%emt 0:02:01]} Rc6 {[%emt 0:00:00]} 20. Bxf6 {[%emt 0:02:05]} Bxf6 {[%emt 0:00:00]} 21. g3 {[%emt 0:00:32]} Ne7 {[%emt 0:01:28]} 22. Nd2 {[%emt 0:01:00]} Qc8 {[%emt 0:03:33]} 23. h4 {[%emt 0:01:02]} g6 {[%emt 0:04:44]} 24. Rac1 {[%emt 0:07:12]} Kh8 {[%emt 0:07:08]} 25. Nb3 {[%emt 0:01:03]} Qc7 {[%emt 0:05:54]} 26. Kg2 {[%emt 0:14:54]} Bg7 {[%emt 0:06:31]} 27. Nd5 {[%emt 0:01:25]} Nxd5 {[%emt 0:00:00]} 28. Rxc6 {[%emt 0:00:50]} Nf4+ {[%emt 0:02:19]} 29. gxf4 {[%emt 0:00:00]} Qxc6 {[%emt 0:00:00]} 30. Na5 {[%emt 0:05:08]} Qc8 {[%emt 0:04:05]} 31. f5 {[%emt 0:09:18]} gxf5 {[%emt 0:06:44]} 32. exf5 {[%emt 0:00:31]} d5 {[%emt 0:04:00]} 33. Qxd5 {[%emt 0:01:08]} Qxf5 {[%emt 0:00:00]} 34. Nxb7 {[%emt 0:01:53]} Qg4+ {[%emt 0:02:30]} 35. Kf1 {[%emt 0:00:00]} Qxh4 {[%emt 0:01:19]} 36. Nd6 {[%emt 0:00:54]} Qh5 {[%emt 0:01:36]} 37. Rc1 {[%emt 0:05:14]} Qh3+ {[%emt 0:00:34]} 38. Ke1 {[%emt 0:00:00]} Qd7 {[%emt 0:01:25]} 39. Rc6 {[%emt 0:01:27]} a5 {[%emt 0:00:00]} 40. Rb6 {[%emt 0:02:03]} Qc7 {[%emt 0:00:00]} 41. Rb7 {[%emt 0:57:52]} Qc1+ {[%emt 0:50:17]} 42. Ke2 {[%emt 0:00:09]} Qc2+ {[%emt 0:00:00]} 43. Ke1 {[%emt 0:00:00]} Qc1+ {[%emt 0:00:00]} 44. Ke2 {[%emt 0:00:00]} Qc2+ {[%emt 0:00:00]} 45. Ke1 {[%emt 0:00:00]} 1/2-1/2

[Event "4NCL 2019-20"]
[Site "Daventry"]
[Date "2020.01.12"]
[Round "4"]
[White "Cox, John J"]
[Black "Edouard, Romain"]
[Result "0-1"]
[WhiteElo "2308"]
[BlackElo "2640"]
[Annotator "TA"]
[PlyCount "72"]
[EventDate "2020.01.11"]
[EventCountry "ENG"]
[SourceTitle "playchess.com"]
[Source "ChessBase"]
[SourceQuality "1"]

{[%evp 9,72,-20,-26,-23,-22,-36,-32,-45,-32,-38,-30,-41,-16,-25,-11,-19,-12,-19,-22,-22,0,-9,18,4,0,-29,-14,-50,-23,-34,-60,-62,0,0,0,0,0,-85,-21,-18,-25,-25,-20,-26,-16,-19,-19,-27,-20,-64,-43,-61,-74,-84,-56,-106,-99,-280,-273,-750,-718,-968,-753,-741,-734]} 1. g3 d5 2. Nf3 g6 3. c4 dxc4 4. Qa4+ (4. Na3 Bg7 5. Nxc4 Nc6 6. d3 e5 7. Bd2 Nge7 8. h4 h6 9. Bc3 f6 10. Ne3 Be6 11. h5 g5 {0-1 (72) Grischuk,A (2771)-Nepomniachtchi,I (2763) St Petersburg 2018}) 4... Nc6 5. Qxc4 Bg7 6. Bg2 {A09: Réti Opening: 1 Nf3 d5 2 c4} e5 7. O-O Nge7 8. d3 {Black is slightly better.} h6 9. Nbd2 O-O 10. Qc2 Bg4 11. a3 a5 $146 ({Predecessor:} 11... Qd7) 12. Rb1 a4 13. b4 axb3 $1 14. Nxb3 b6 15. Bb2 Qd7 16. Rfc1 {Nfd2 is the strong threat.} Ra7 17. Ra1 Be6 18. Nfd2 {[%cal Rg2c6]} Nd4 19. Nxd4 exd4 20. a4 Bd5 (20... Nd5 $15) 21. a5 $11 Bxg2 22. Kxg2 bxa5 23. Qc5 (23. Qa4 $11 Qd5+ 24. Nf3) 23... Rfa8 (23... Rb7 $17 24. Rab1 a4) 24. Nf3 {[%cal Rb2d4]} Nf5 25. Qc6 Qe7 26. Rc2 a4 {[%cal Ba5a4,Ba4a3][%mdl 32] next ...a3 is good for Black.} 27. Ba3 $1 {[%cal Ra3e7]} Qd8 28. Rc4 Bf6 29. g4 Ng7 30. Bb2 {[%cal Rc4a4]} a3 $36 {[%mdl 2048] Keeping White busy.} 31. Bxd4 Ne6 32. Bxf6 Qxf6 33. Ra2 $2 {[#]} (33. d4 $17 {was the only defense.}) 33... Rb8 $19 34. Rcc2 $2 (34. e3 Rb2 35. Rxb2 Qxb2 36. Nd4) 34... Nf4+ {Black is clearly winning.} 35. Kf1 Qxc6 36. Rxc6 Rb2 {Accuracy: White = 51%, Black = 65%.} 0-1

[Event "4NCL 2019-20"]
[Site "Daventry"]
[Date "2020.01.12"]
[Round "4"]
[White "O'Donnell, Conor"]
[Black "Wadsworth, Matthew J"]
[Result "0-1"]
[WhiteElo "2307"]
[BlackElo "2401"]
[Annotator "ChessBase"]
[PlyCount "60"]
[EventDate "2020.01.11"]
[EventCountry "ENG"]
[SourceTitle "playchess.com"]
[Source "ChessBase"]
[SourceQuality "1"]
[TimeControl "40/6000:3000+30"]

1. d4 {[%emt 0:00:00]} Nf6 {[%emt 0:00:00]} 2. c4 {[%emt 0:00:00]} c5 {[%emt 0:00:00]} 3. d5 {[%emt 0:00:00]} e6 {[%emt 0:00:00]} 4. Nc3 {[%emt 0:00:00]} exd5 {[%emt 0:00:00]} 5. cxd5 {[%emt 0:00:00]} d6 {[%emt 0:00:00]} 6. e4 {[%emt 0:00:00]} g6 {[%emt 0:00:00]} 7. Nge2 {[%emt 0:00:36]} Bg7 {[%emt 0:00:00]} 8. Ng3 {[%emt 0:00:00]} a6 {[%emt 0:00:00]} 9. a4 {[%emt 0:00:37]} Nbd7 {[%emt 0:00:00]} 10. Be2 {[%emt 0:00:19]} h5 {[%emt 0:00:00]} 11. O-O {[%emt 0:06:41]} h4 {[%emt 0:00:00]} 12. Nh1 {[%emt 0:00:00]} Nh5 {[%emt 0:00:00]} 13. Be3 {[%emt 0:02:23]} Qe7 {[%emt 0:07:49]} 14. Qd2 {[%emt 0:17:20]} Ne5 {[%emt 0:07:53]} 15. Bg5 {[%emt 0:06:24]} f6 {[%emt 0:03:40]} 16. Bxh4 {[%emt 0:02:55]} Bh6 {[%emt 0:00:00]} 17. Qc2 {[%emt 0:06:07]} Nf4 {[%emt 0:00:04]} 18. Rfe1 {[%emt 0:06:43]} Qh7 {[%emt 0:00:49]} 19. Bg3 {[%emt 0:07:27]} Bg5 {[%emt 0:00:48]} 20. f3 {[%emt 0:13:45]} Qh6 {[%emt 0:01:16]} 21. Bf1 {[%emt 0:04:52]} Bh4 {[%emt 0:01:05]} 22. Kf2 {[%emt 0:02:03]} c4 {[%emt 0:00:57]} 23. Rad1 {[%emt 0:01:34]} Qg5 {[%emt 0:04:37]} 24. Kg1 {[%emt 0:07:35]} Bxg3 {[%emt 0:03:11]} 25. hxg3 {[%emt 0:00:55]} Rxh1+ {[%emt 0:00:00]} 26. Kxh1 {[%emt 0:00:00]} Qxg3 {[%emt 0:00:00]} 27. b3 {[%emt 0:03:01]} Bd7 {[%emt 0:00:00]} 28. Bxc4 {[%emt 0:02:37]} Ke7 {[%emt 0:00:00]} 29. Re3 {[%emt 0:01:07]} Rh8+ {[%emt 0:00:00]} 30. Kg1 {[%emt 0:00:00]} Rh2 {[%emt 0:00:00]} 0-1